О пособиях и ссудах земствам, о порядке выдачи пособия семьям призванных на войну. Об обеспечении семей медицинского персонала н...

RUSMARC
00005737cmc2a2200217#x 450
0014c9039f4-31f5-400c-b54b-176c795cadaa
00520230421105233.0
100##$a20120725l19181918k y0rusy0102 ca
1010#$arus
102##$aRU
2001#$aО пособиях и ссудах земствам, о порядке выдачи пособия семьям призванных на войну
$aОб обеспечении семей медицинского персонала на случай смерти от заразных болезней
$j22 октября 1918
251##$cДело
215##$a92 листа
2250#$aФонд Юридическое совещание при Временном Всероссийском Правительстве, гг. Уфа, Омск
$hОпись № 1
300##$aЗаглавие на папке: Материалы по Министерству Внутренних Дел. О пособиях и ссудах земствам, о порядке выдачи пособия семьям призванных на войну. Об обеспечении семей медицинского персонала на случай смерти от заразных болезней
300##$aЗаголовок дела также: О пособиях и ссудах земствам, о порядке выдачи пособия семьям призванных на войну
5171#$aМатериалы по Министерству Внутренних Дел. О пособиях и ссудах земствам, о порядке выдачи пособия семьям призванных на войну. Об обеспечении семей медицинского персонала на случай смерти от заразных болезней
5171#$aО пособиях и ссудах земствам, о порядке выдачи пособия семьям призванных на войну
461#0$10016df0444f-b79e-47e8-ae5b-b418cb150aef
$12001
$aЮридическое совещание при Временном Всероссийском правительстве. Уфа, Омск
$1251
$cФонд
$1852
$gР
$j192
801#0$aRU
$bНПО Опыт
$c20120725
801#1$aRU
$bНПО Опыт
$c20120725
$2rusmarc
801#2$aRU
$bПБ им. Б.Н. Ельцина
$c20150319
$gRCR
$2rusmarc
850##$aГосударственный архив Российской Федерации
852##$aГА РФ
$j57
937##$d23649432
$h13-гк. 2012
035##$aRuPRLIBР019201057
1220#$ad19181022##
462#0$100175809c8e-a5c8-4e49-b79c-5bd4cd76a142
$12001
$aЮридическое совещание при Временном Всероссийском правительстве, гг. Уфа, Омск. 1918 г.
$vД. 57
$1251
$cОпись
$1852
$j1
6061#$2prlib_sh
$3LIBNET\UAF\0000106847
$aСемьи военнослужащих
$jАрхивные дела
$xСоциальная помощь
$yРоссия
$z1914 - 1918
6061#$2prlib_sh
$3LIBNET\UAF\0000106916
$aМедицинские работники
$jАрхивные дела
$xСоциальная помощь
$yРоссия
$z1914 - 1918
605##$2acquisition_Prlib
$3LIBNET\UAF\0000106762
$aСемья и традиционные семейные ценности в России как основа российской государственности
$lколлекция
605##$2acquisition_Prlib
$3DITM\AF\0000002775
$aВласть
$lколлекция
686##$2rubbk
$a63.3(2)535-28ю1
$vLBC/M
Формат отображения